[A booke named Tectonicon,] : briefly shewing the exact measuring, and spedie reckoning all maner of land, squares, timber, stone, steeples, pillers, globes, &c. Further, declaring the perfect making and large vse of the carpenters ruler, conteining a quadrant geometricall: comprehending also the rare vse of the squire. And in the end a little treatise adioyning, opening the composition and appliancie of an instrument, called the profitable staffe. With other things pleasant and necessarie, most conducible for surueyers, landmeaters, ioyners, carpenters, and masons. /

Bibliographic Details
Main Author: Digges, Leonard, d. 1571?
Format: eBook
Language:English
Published: Imprinted at London : by Thomas Orwin, dwelling in Pater noster Rowe, ouer agaynst the Checker, 1592.
Series:Early English books online.
Subjects:
Online Access:Connect to the full text of this electronic book

MARC

Tag First Indicator Second Indicator Subfields
LEADER 00000nam a2200000 4500
001 in00004197813
005 20200806084045.0
006 m g d
007 cr bn |||a|bb|
008 920130s1592 enka o 00 eng d
035 |a (UnM)99891834 
037 |a CL2105000002  |b ProQuest Information and Learning. 300 N. Zeeb Rd., Ann Arbor, MI 48106 
040 |a Cu-RivES  |c Cu-RivES  |d CStRLIN  |d Cu-RivES  |e dcrb 
100 1 |a Digges, Leonard,  |d d. 1571? 
240 1 0 |a Tectonicon 
245 1 2 |a [A booke named Tectonicon,] :  |b briefly shewing the exact measuring, and spedie reckoning all maner of land, squares, timber, stone, steeples, pillers, globes, &c. Further, declaring the perfect making and large vse of the carpenters ruler, conteining a quadrant geometricall: comprehending also the rare vse of the squire. And in the end a little treatise adioyning, opening the composition and appliancie of an instrument, called the profitable staffe. With other things pleasant and necessarie, most conducible for surueyers, landmeaters, ioyners, carpenters, and masons. /  |c Published by Leonard Digges Gentleman, in the yeare of our Lord, 1556. 
260 |a Imprinted at London :  |b by Thomas Orwin, dwelling in Pater noster Rowe, ouer agaynst the Checker,  |c 1592. 
300 |a 1 online resource ([1]+ leaves :  |b illustrations. 
336 |a text  |b txt  |2 rdacontent 
337 |a computer  |b c  |2 rdamedia 
338 |a online resource  |b cr  |2 rdacarrier 
500 |a Imperfect: fragment, t.p. only, including illustrations; cropped with loss of part of title; stained. 
500 |a Reproduction of original in the British Library. 
510 4 |a STC (2nd edition)  |c 6851 
510 4 |a Early English books tract supplement interim guide  |c Harl.5927 
533 |a Electronic reproduction.  |b Ann Arbor, Mich. :  |c UMI,  |d 1999-  |f (Early English books online)  |n Digital version of: (Early English books, Tract supplement ; E4:1[153e])  |7 s1999 miun s 
655 0 |a Title pages  |z England  |y 16th century. 
650 0 |a Mensuration  |v Early works to 1800. 
830 0 |a Early English books online. 
856 4 0 |u http://proxy.library.tamu.edu/login?url=https://search.proquest.com/docview/2248557687  |z Connect to the full text of this electronic book  |t 0 
999 f f |s 51803ac6-0f99-3923-8354-b57f4eed7b58  |i 192b7d77-2727-3e41-a441-c182630d30b2  |t 0 
952 f f |a Texas A&M University  |b College Station  |c Electronic Resources  |d Available Online  |t 0  |h No information provided 
998 f f |t 0  |l Available Online